00746nam a22001697a 4500003000900000008004100009040007100050082002000121100002600141245004200167260004700209300002800256505021400284650001800498650002300516650003700539AR-CdUCM190502b ||||| |||| 00| 0 spa d aMUNICIPALIDAD PROVINCIAL DEL CUSCOcBIBLIOTECA MUNICIPAL DEL CUSCO a368.4098 /bA62 aAparicio Valdez, Luis aSeguridad social en el Grupo Andino / aLima :bUniversidad del Pacífico,c1974. a122 páginas ;c21 cm. aContenido: Seguridad social e integración -- Aspectos fundamentales de la seguridad social con relación a los migrantes -- Normas de la OIT en favor de la seguridad social con relación a los migrantes... aSeguro social aSubregión andina aIntegración y seguridad social